Football - Quiz en D - Statistiques

Statistiques générales
  • Ce quiz a été pris 129 fois
  • Le résultat moyen est 13 sur 20
Statistiques - réponses
Hint Réponse % Correct
Pays vainqueur de l'Euro 1992 à la grande surprise des observateurs. J'ai compté dans mes rangs des joueurs tels que les frères Laudrup, Allan Simonsen ou encore Christian Eriksen. Danemark
92%
Seule personnalité du football français à avoir remporté la Coupe du Monde en tant que joueur et en tant qu'entraineur. Didier DESCHAMPS
91%
Mot du football décrivant un match où se rencontres deux équipes très proches géographiquement. Mes exemples les plus criants sont Celtic-Rangers, Lyon-ASSE.... Derby
88%
Gardien de but italien évoluant actuellement au PSG. Gianluigi DONNARUMMA
86%
Milieu offensif argentin, j'ai joué la quasi-totalité de ma carrière en Italie (Palerme, Juve, Roma). Récemment, j'ai avoué avoir failli signer avec le PSG il y a de cela quelques années. Paulo DYBALA
81%
Surnom donné aux joueurs de l'équipe nationale de Belgique. Diables Rouges
79%
Attaquant bosnien jouant actuellement au Fenerbahce. J'ai marqué 374 buts pour 873 matchs dans ma carrière, en jouant pour des clubs comme Manchester City, l'Inter ou encore la Roma. Edin DZEKO
79%
Attaquant français ne sachant pas quel est son pied préférentiel. J'ai entrainé dans Football Manager le club de Winchester. Ousmane DEMBÉLÉ
78%
Club mythique du football ukrainien, j'ai compté dans mes rang de prestigieux Ballons d'Or que sont Andreï Shevchenko et Oleg Blokhine. Dynamo Kiev
77%
Surnom donné aux joueurs du LOSC. Dogues
74%
Organisme de contrôle des clubs de football français. Ces derniers temps, j'aime mettre des sanctions à l'Olympique Lyonnais à chaque passage. DNCG
71%
Joueur emblématique du grand Real Madrid des années 50, j'ai remporté le Ballon d'Or en 1957 et 1959. J'ai la particularité d'avoir joué pour l'équipe nationale d'Argentine et d'Espagne. Alfredo DI STEFANO
66%
Geste du football ayant pour représentants principaux Ronaldinho, Messi ou encore Zidane. Dribble
66%
"IL VA VENIR LUI FAIRE L'AMOUR SANS PRÉLIMINAIRES" Omar DA FONSECA
66%
Je suis un terme à la mode dans le football très moderne. Des clubs m'utilisent à des fins de recrutement (Toulouse...) et je deviens un incontournable des sports actuels pour analyser les joueurs. Data
44%
Président de la FFF depuis 2023, j'ai été réélu fin 2024. Philippe DIALLO
43%
Président du Napoli, je suis également un nom très connu dans le monde du cinéma italie. Aurelio DE LAURENTIIS
26%
Club français évoluant en National, mon logo est rouge et blanc, et la chouette est mon emblème. Dijon FC
19%
Défenseur français ayant surtout évolué en Premier League (Manchester City, Newcastle, Everton...). Malgré plus de 500 matchs dans ce championnat, je n'ai jamais connu l'honneur de porter le maillot de l'Equipe de France. Sylvain DISTIN
14%
Equipementier renommé du football, j'ai inscrit mon nom sur de nombreux maillots comme celui de Tours, Lorient ou encore Saint-Etienne. Duarig
8%
Aucun quiz correspondant
Distribution des résultats
% des personnes avec chaque résultat
Percentile par nombre de réponses
Votre historique - résultats
Vous n’avez pas pris ce quiz